Antología de cuentos

Enregistré dans:
Détails bibliographiques
Auteurs principaux: Brunet, Marta (Auteur), Guzmán, Nicomedes (Auteur)
Format: Livre
Langue:espagnol
Publié: Santiago Zig-Zag 1962
Collection:Antologías
Sujets:
Tags: Ajouter un tag
Pas de tags, Soyez le premier à ajouter un tag!

MARC

LEADER 00000nam a2200000 a 4500
001 UCX3822
003 CL-VaPUC
008 920110e19620000CL |||||||||||||||||spa|d
082 0 4 |a Ch863  |b BRU  |2 21 
100 0 |a Brunet, Marta  |e author  |9 320024 
700 |a Guzmán, Nicomedes  |e author  |9 342707 
245 1 0 |a Antología de cuentos 
300 |a 237 p 
942 |c BK 
945 |d 19920110 00:00:00 
260 |a Santiago  |b Zig-Zag  |c 1962 
650 0 |a Cuentos chilenos   |9 308280 
583 |a last modification  |c 19920110 00:00:00  |k Rodrigo Vera 
490 0 |a Antologías 
999 |c 224476  |d 224474 
952 |0 0  |1 0  |4 0  |6 CH_863_000000000000000_BRU_1962  |7 0  |8 A  |9 221145  |a BIBEDU  |b BIBEDU  |d 2019-11-15  |i 289887K  |o Ch863 BRU 1962  |p 289887K  |r 2019-11-15  |w 2019-11-15  |y BK  |k LIT 
952 |0 0  |1 0  |4 0  |6 CH_863_000000000000000_BRU_1962  |7 0  |8 A  |9 221146  |a BIBEDU  |b BIBEDU  |d 2019-11-15  |i 1444964  |o Ch863 BRU 1962  |p 1444964  |r 2019-11-15  |w 2019-11-15  |y BK  |k LIT